Villes hôtes des jeux Olympiques - Statistiques

Statistiques générales
  • Ce quiz a été pris 270 fois
    88 depuis la dernière actualisation
  • Le résultat moyen est 31 sur 57
Statistiques - réponses
Hint Réponse % Correct
2028 Los Angeles
93%
2012 Londres
91%
2024 Paris
91%
2016 Rio de Janeiro
89%
2020 Tokyo
89%
2004 Athènes
87%
1896 Athènes
85%
2008 Beijing
83%
1992 Barcelone
78%
2000 Sydney
78%
1936 Berlin
76%
2026 Milan-Cortina d’Ampezzo
74%
1996 Atlanta
72%
1900 Paris
72%
1924 Paris
69%
2022 Beijing
63%
1972 Munich
63%
2014 Sotchi
61%
1908 Londres
59%
2006 Turin
59%
1992 Albertville
57%
1968 Mexico
57%
2010 Vancouver
57%
1988 Séoul
56%
1984 Los Angeles
54%
1980 Moscou
54%
1960 Rome
54%
2002 Salt Lake City
54%
1924 Chamonix
52%
1904 Saint-Louis
52%
1920 Anvers
50%
1998 Nagano
50%
1912 Stockholm
50%
1952 Helsinki
48%
1976 Montréal
48%
1964 Tokyo
48%
1948 Londres
46%
2030 Alpes Françaises
44%
1928 Amsterdam
44%
1968 Grenoble
44%
1994 Lillehammer
44%
1956 Melbourne
44%
2018 Pyeongchang
44%
1932 Los Angeles
43%
1928 Saint-Moritz
37%
1988 Calgary
35%
1984 Sarajevo
33%
1976 Innsbruck
31%
1936 Garmisch-Partenkirchen
28%
1980 Lake Placid
28%
1972 Sapporo
28%
1956 Cortina d’Ampezzo
26%
1932 Lake Placid
24%
1952 Oslo
24%
1948 Saint-Moritz
24%
1964 Innsbruck
20%
1960 Squaw Valley
19%
Aucun quiz correspondant
Distribution des résultats
% des personnes avec chaque résultat
Percentile par nombre de réponses
Votre historique - résultats
Vous n’avez pas pris ce quiz depuis la dernière actualisation